[Event "Iran Chess Championship Semi Final 2015 "]
[Site "Rasht , Iran"]
[Date "2015.12.17"]
[Round "7"]
[Board "9"]
[White "Mahjoob Zardast, Morteza"]
[Black "Maleki, Amir"]
[Result "1-0"]
[WhiteElo "2381"]
[BlackElo "2128"]
[PlyCount "0"]
[EventDate "2015.12.13"]
[EventRounds "9"]
[EventCountry "IRI"]

1. c4 {[%clk 1:30:59]} e5 {[%clk 1:24:39]} 2. Nc3 {[%clk 1:31:01]} Nc6
{[%clk 1:24:37]} 3. g3 {[%clk 1:29:42]} Nf6 {[%clk 1:24:15]} 4. Bg2
{[%clk 1:29:41]} Bb4 {[%clk 1:22:29]} 5. e4 {[%clk 1:24:42]} d6 {[%clk 1:12:05]}
6. Nge2 {[%clk 1:24:31]} Be6 {[%clk 1:08:13]} 7. Nd5 {[%clk 1:15:56]} Bc5
{[%clk 1:03:40]} 8. d3 {[%clk 1:10:18]} Nd4 {[%clk 0:52:27]} 9. Nxd4
{[%clk 0:32:38]} Bxd4 {[%clk 0:52:41]} 10. O-O {[%clk 0:30:52]} c6
{[%clk 0:46:50]} 11. Ne3 {[%clk 0:30:19]} O-O {[%clk 0:46:28]} 12. Nf5
{[%clk 0:29:25]} Bxf5 {[%clk 0:35:54]} 13. exf5 {[%clk 0:29:29]} Qd7
{[%clk 0:36:11]} 14. g4 {[%clk 0:29:26]} d5 {[%clk 0:34:41]} 15. g5
{[%clk 0:27:56]} Ne8 {[%clk 0:34:54]} 16. cxd5 {[%clk 0:27:55]} cxd5
{[%clk 0:34:54]} 17. Qf3 {[%clk 0:27:48]} Rd8 {[%clk 0:34:03]} 18. Be3
{[%clk 0:19:27]} Bxe3 {[%clk 0:23:26]} 19. fxe3 {[%clk 0:19:46]} d4
{[%clk 0:23:39]} 20. e4 {[%clk 0:15:13]} f6 {[%clk 0:23:48]} 21. g6
{[%clk 0:13:15]} h6 {[%clk 0:24:06]} 22. Qd1 {[%clk 0:13:04]} Qb5
{[%clk 0:22:54]} 23. Qd2 {[%clk 0:11:42]} Nd6 {[%clk 0:22:13]} 24. Bf3
{[%clk 0:11:45]} a5 {[%clk 0:20:32]} 25. Bd1 {[%clk 0:12:10]} a4 {[%clk 0:20:51]}
26. b3 {[%clk 0:12:31]} a3 {[%clk 0:20:54]} 27. b4 {[%clk 0:12:54]} Rc8
{[%clk 0:20:53]} 28. Bb3+ {[%clk 0:13:19]} Kh8 {[%clk 0:21:18]} 29. Rf3
{[%clk 0:10:13]} Rc3 {[%clk 0:19:43]} 30. Rh3 {[%clk 0:09:00]} Rxb3
{[%clk 0:19:44]} 31. axb3 {[%clk 0:08:47]} Kg8 {[%clk 0:19:40]} 32. Rxa3
{[%clk 0:08:24]} Rc8 {[%clk 0:19:41]} 33. Rf3 {[%clk 0:06:19]} Kf8
{[%clk 0:17:32]} 34. Ra5 {[%clk 0:06:42]} Qb6 {[%clk 0:17:42]} 35. Rf1
{[%clk 0:04:38]} Rc3 {[%clk 0:16:57]} 36. Ra8+ {[%clk 0:04:51]} Ke7
{[%clk 0:17:16]} 37. Qxh6 gxh6 {[%clk 0:16:59]} 38. g7 {[%clk 0:04:57]} Ne8
{[%clk 0:13:53]} 39. g8=Q {[%clk 0:04:41]} Qc6 {[%clk 0:14:17]} 40. b5
{[%clk 0:03:46]} Qd7 {[%clk 0:14:46]} 41. Kh1 {[%clk 0:01:57]} Rc8
{[%clk 0:13:27]} 42. Rxc8 Qxc8 {[%clk 0:13:52]} 43. Qh7+ {[%clk 0:02:35]} Kd6
{[%clk 0:14:09]} 44. Qf7 {[%clk 0:02:42]} Qd7 {[%clk 0:13:35]} 45. Qd5+
{[%clk 0:02:37]} Ke7 {[%clk 0:13:47]} 46. Qc5+ {[%clk 0:02:53]} Qd6
{[%clk 0:13:10]} 47. b4 {[%clk 0:03:00]} b6 {[%clk 0:13:05]} 48. Qc4
{[%clk 0:03:06]} Ng7 {[%clk 0:12:36]} 49. Ra1 {[%clk 0:03:08]} 1-0

[Event "Iran Chess Championship Semi Final 2015 "]
[Site "Rasht , Iran"]
[Date "2015.12.17"]
[Round "7"]
[Board "10"]
[White "Soozankar, A.M."]
[Black "Roohi, Abdolmajid"]
[Result "1/2-1/2"]
[WhiteElo "2321"]
[BlackElo "2201"]
[PlyCount "0"]
[EventDate "2015.12.13"]
[EventRounds "9"]
[EventCountry "IRI"]

1. Nf3 {[%clk 1:30:54]} Nf6 {[%clk 1:30:09]} 2. d4 {[%clk 1:31:21]} d5
{[%clk 1:30:34]} 3. Bf4 {[%clk 1:31:28]} g6 {[%clk 1:28:17]} 4. Nc3
{[%clk 1:27:51]} Bg7 {[%clk 1:28:12]} 5. Qd2 {[%clk 1:27:13]} O-O
{[%clk 1:25:48]} 6. Bh6 {[%clk 1:27:31]} Nc6 {[%clk 1:23:05]} 7. h4
{[%clk 1:21:23]} Re8 {[%clk 1:11:59]} 8. h5 {[%clk 1:11:59]} e5 {[%clk 1:04:03]}
9. Bxg7 {[%clk 1:04:13]} Kxg7 {[%clk 1:04:31]} 10. hxg6 {[%clk 1:04:31]} fxg6
{[%clk 1:04:59]} 11. Qh6+ {[%clk 1:04:11]} Kg8 {[%clk 1:05:07]} 12. dxe5
{[%clk 0:59:03]} Nxe5 {[%clk 1:05:35]} 13. Nxe5 {[%clk 0:59:24]} Rxe5
{[%clk 1:06:02]} 14. O-O-O {[%clk 0:59:44]} c6 {[%clk 1:00:39]} 15. e4
{[%clk 0:57:26]} Qc7 {[%clk 0:51:06]} 16. exd5 {[%clk 0:51:41]} cxd5
{[%clk 0:49:34]} 17. Bd3 {[%clk 0:46:23]} Qf7 {[%clk 0:45:23]} 18. Qf4
{[%clk 0:40:44]} Re7 {[%clk 0:44:31]} 19. f3 {[%clk 0:36:34]} Bd7
{[%clk 0:41:36]} 20. Qd4 {[%clk 0:32:03]} Bc6 {[%clk 0:39:04]} 21. Rh4
{[%clk 0:31:54]} Qe6 {[%clk 0:33:57]} 22. Rdh1 {[%clk 0:30:43]} b6
{[%clk 0:32:05]} 23. Kd1 {[%clk 0:22:52]} Qe5 {[%clk 0:30:30]} 24. Ne2
{[%clk 0:21:04]} Rae8 {[%clk 0:28:17]} 25. Qxe5 {[%clk 0:21:11]} Rxe5
{[%clk 0:28:45]} 26. Nd4 {[%clk 0:21:33]} Bd7 {[%clk 0:29:07]} 27. Kd2
{[%clk 0:21:23]} Kg7 {[%clk 0:29:28]} 28. a4 {[%clk 0:21:44]} a5 {[%clk 0:27:13]}
29. b3 {[%clk 0:20:46]} Rh5 {[%clk 0:26:07]} 30. Rxh5 {[%clk 0:20:40]} Nxh5
{[%clk 0:26:20]} 31. Ne2 {[%clk 0:20:11]} Nf6 {[%clk 0:22:38]} 32. Rh4
{[%clk 0:20:14]} g5 {[%clk 0:21:41]} 33. Rh1 {[%clk 0:20:32]} h5 {[%clk 0:21:24]}
34. Ng3 {[%clk 0:20:21]} h4 {[%clk 0:21:05]} 35. Ne2 {[%clk 0:20:15]} Nh5
{[%clk 0:19:53]} 36. g3 {[%clk 0:12:07]} 1/2-1/2

[Event "Iran Chess Championship Semi Final 2015 "]
[Site "Rasht , Iran"]
[Date "2015.12.17"]
[Round "7"]
[Board "11"]
[White "Vaghar, Mohsen"]
[Black "Ghaziolsharif, Kaveh"]
[Result "1-0"]
[WhiteElo "2172"]
[BlackElo "2260"]
[PlyCount "0"]
[EventDate "2015.12.13"]
[EventRounds "9"]
[EventCountry "IRI"]

1. e4 {[%clk 1:28:31]} c5 {[%clk 1:30:51]} 2. Nf3 {[%clk 1:28:23]} e6
{[%clk 1:31:13]} 3. d4 {[%clk 1:24:57]} cxd4 {[%clk 1:31:19]} 4. Nxd4
{[%clk 1:25:17]} Nc6 {[%clk 1:31:44]} 5. c4 {[%clk 1:20:50]} Nf6 {[%clk 1:32:00]}
6. Nc3 {[%clk 1:21:12]} Bb4 {[%clk 1:32:24]} 7. Nxc6 {[%clk 1:16:14]} bxc6
{[%clk 1:32:52]} 8. Bd3 {[%clk 1:16:31]} e5 {[%clk 1:33:17]} 9. O-O
{[%clk 1:15:45]} O-O {[%clk 1:33:40]} 10. Be3 {[%clk 1:13:34]} Bxc3
{[%clk 1:33:20]} 11. bxc3 {[%clk 1:13:56]} d6 {[%clk 1:33:45]} 12. h3
{[%clk 0:58:37]} Be6 {[%clk 1:33:14]} 13. Qa4 {[%clk 0:58:34]} Qc7
{[%clk 1:21:07]} 14. f4 {[%clk 0:51:57]} exf4 {[%clk 1:18:10]} 15. Bxf4
{[%clk 0:52:26]} Nd7 {[%clk 1:18:15]} 16. Qa3 {[%clk 0:40:24]} c5
{[%clk 1:16:09]} 17. Rad1 {[%clk 0:36:27]} Nb6 {[%clk 1:14:30]} 18. Qa6
{[%clk 0:36:46]} Rfd8 {[%clk 1:14:14]} 19. Rf2 {[%clk 0:31:36]} f6
{[%clk 1:09:17]} 20. Bf1 {[%clk 0:30:01]} Qf7 {[%clk 0:47:59]} 21. Rxd6
{[%clk 0:25:17]} Bxc4 {[%clk 0:47:24]} 22. Bxc4 {[%clk 0:23:10]} Nxc4
{[%clk 0:47:47]} 23. Rc6 {[%clk 0:23:09]} Nb6 {[%clk 0:41:44]} 24. Rxc5
{[%clk 0:22:39]} Qe7 {[%clk 0:41:12]} 25. Rc7 {[%clk 0:21:10]} Qxe4
{[%clk 0:41:34]} 26. Rxa7 {[%clk 0:18:11]} Rxa7 {[%clk 0:32:28]} 27. Qxa7
{[%clk 0:18:32]} Rd1+ {[%clk 0:32:55]} 28. Kh2 {[%clk 0:18:38]} Nd5
{[%clk 0:32:53]} 29. Qb8+ {[%clk 0:14:47]} Kf7 {[%clk 0:33:11]} 30. Bd2
{[%clk 0:09:55]} Rb1 {[%clk 0:19:46]} 31. Qd6 {[%clk 0:09:43]} Ra1
{[%clk 0:07:28]} 32. Qd7+ {[%clk 0:01:42]} Kf8 {[%clk 0:02:24]} 33. Bf4
{[%clk 0:01:05]} Nxf4 {[%clk 0:02:10]} 34. Qd6+ {[%clk 0:01:35]} Kf7
{[%clk 0:01:52]} 35. Rxf4 {[%clk 0:01:51]} Qe1 {[%clk 0:00:39]} 36. Qd7+
{[%clk 0:02:00]} Kg8 {[%clk 0:00:35]} 37. Qd5+ {[%clk 0:01:55]} Kf8
{[%clk 0:00:53]} 38. Re4 {[%clk 0:02:03]} Qg1+ {[%clk 0:00:37]} 39. Kg3
{[%clk 0:02:22]} g6 {[%clk 0:00:39]} 40. Qd7 {[%clk 0:02:27]} Re1
{[%clk 0:00:37]} 41. Qe7+ {[%clk 0:02:49]} 1-0

[Event "Iran Chess Championship Semi Final 2015 "]
[Site "Rasht , Iran"]
[Date "2015.12.17"]
[Round "7"]
[Board "12"]
[White "Khatibi, Meysam"]
[Black "Bagheri, Maziar"]
[Result "0-1"]
[WhiteElo "2172"]
[BlackElo "2237"]
[PlyCount "0"]
[EventDate "2015.12.13"]
[EventRounds "9"]
[EventCountry "IRI"]

1. e4 c5 2. Nf3 Nc6 3. Nc3 Nf6 4. d4 cxd4 5. Nxd4 d6 6. Bg5 e6 7. Qd2 Be7 8.
O-O-O Nxd4 9. Qxd4 O-O 10. h4 h6 11. Bd2 e5 12. Qd3 Be6 13. Nd5 Bxd5 14. exd5 Rc8
15. Qb3 Ne4 16. Be3 Bxh4 17. Qa4 f5 18. f3 Bg5 19. fxe4 Bxe3+ 20. Kb1 f4 21. Be2
Rc7 22. Bg4 Qg5 23. Bf3 Rfc8 24. c3 a6 25. a3 g6 26. Rh3 Kg7 27. Rdh1 Rh8 28. Qd1
b5 29. Qf1 Rc5 30. Be2 h5 31. R1h2 Rcc8 32. Rh1 Rb8 33. R1h2 Qe7 34. Rh1 Qd7 35.
Qd1 Qf7 36. Qb3 Bc5 37. Ka2 Qf6 38. Qd1 a5 39. Qf1 b4 40. cxb4 axb4 41. a4 Be3
42. Kb3 Rhc8 43. Ba6 Rc5 44. Qe2 Qg5 45. Qf3 Bd4 46. Qe2 Qf6 47. Qf3 Qf7 48. Rxh5
gxh5 49. Rxh5 Qg6 50. Rh4 Kf7 51. Bd3 Rg8 52. Qh3 Rc7 53. Rh6 Qg4 54. Rh7+ Ke8
55. Qxg4 Rxg4 56. Rxc7 Rxg2 57. Kxb4 Rxb2+ 58. Kc4 f3 59. Rh7 f2 60. Rh5 Kd7 61.
Rf5 Kc7 62. a5 Kb7 63. Rf6 Ka6 64. Rf8 Rb7 65. Ra8+ Ba7 66. Kc3+ Kxa5 67. Be2
Rc7+ 68. Kd3 Kb4 69. Bf1 Rc3+ 70. Kd2 Ra3 71. Rf8 Be3+ 72. Ke2 Bc5 73. Bg2 Kc4
74. Rf3 Ra1 75. Rf7 Re1+ 76. Kd2 Be3+ 77. Kc2 Re2+ 78. Kd1 Rd2+ 79. Kc1 Kc3 80.
Kb1 Rd1+ 81. Ka2 Bd4 82. Rc7+ Kd2 83. Kb3 Rb1+ 84. Ka2 Rg1 85. Bh3 f1=Q 0-1

[Event "Iran Chess Championship Semi Final 2015 "]
[Site "Rasht , Iran"]
[Date "2015.12.18"]
[Round "8"]
[Board "1"]
[White "Firouzja, Alireza"]
[Black "Lorparizangeneh, Shahin"]
[Result "1/2-1/2"]
[WhiteElo "2372"]
[BlackElo "2454"]
[PlyCount "0"]
[EventDate "2015.12.13"]
[EventRounds "9"]
[EventCountry "IRI"]

1. e4 {[%clk 1:30:56]} e5 {[%clk 1:30:16]} 2. Nf3 {[%clk 1:31:19]} Nc6
{[%clk 1:30:42]} 3. Nc3 {[%clk 1:31:43]} Nf6 {[%clk 1:30:58]} 4. Bb5
{[%clk 1:32:07]} Bd6 {[%clk 1:29:42]} 5. a3 {[%clk 1:31:07]} O-O {[%clk 1:26:29]}
6. d3 {[%clk 1:31:28]} h6 {[%clk 1:24:23]} 7. g4 {[%clk 1:31:42]} Bc5
{[%clk 1:16:11]} 8. Na4 {[%clk 1:27:06]} Be7 {[%clk 1:12:28]} 9. Bxc6
{[%clk 1:26:14]} dxc6 {[%clk 1:11:01]} 10. h3 {[%clk 1:16:11]} Re8
{[%clk 1:08:05]} 11. Be3 {[%clk 1:15:51]} Nd7 {[%clk 1:04:54]} 12. Qd2
{[%clk 1:13:22]} b5 {[%clk 0:58:59]} 13. Nc3 {[%clk 1:13:39]} Bc5
{[%clk 0:59:16]} 14. Rg1 {[%clk 0:59:17]} a5 {[%clk 0:53:49]} 15. Ne2
{[%clk 0:53:14]} Qf6 {[%clk 0:49:39]} 16. Rg3 {[%clk 0:53:17]} Qe7
{[%clk 0:47:53]} 17. g5 {[%clk 0:46:56]} h5 {[%clk 0:46:25]} 18. g6
{[%clk 0:45:42]} f5 {[%clk 0:39:23]} 19. exf5 {[%clk 0:39:20]} e4
{[%clk 0:37:00]} 20. Nfd4 {[%clk 0:30:58]} Bxd4 {[%clk 0:28:50]} 21. Nxd4
{[%clk 0:30:28]} Nf6 {[%clk 0:28:37]} 22. O-O-O {[%clk 0:20:27]} b4
{[%clk 0:26:00]} 23. a4 {[%clk 0:20:39]} c5 {[%clk 0:20:05]} 24. Nb3
{[%clk 0:20:19]} Bxf5 {[%clk 0:20:15]} 25. Nxc5 {[%clk 0:17:57]} exd3
{[%clk 0:19:34]} 26. cxd3 {[%clk 0:18:20]} Rad8 {[%clk 0:19:32]} 27. Qc2
{[%clk 0:18:06]} Rd6 {[%clk 0:14:44]} 28. Qc4+ {[%clk 0:17:48]} Be6
{[%clk 0:14:53]} 29. Nxe6 {[%clk 0:17:49]} Qxe6 {[%clk 0:15:16]} 30. Qxe6+
{[%clk 0:16:17]} Rexe6 {[%clk 0:15:40]} 31. Rg5 {[%clk 0:16:07]} Nd5
{[%clk 0:12:37]} 32. Rxh5 {[%clk 0:14:17]} Rxg6 {[%clk 0:12:33]} 33. Bc5
{[%clk 0:13:15]} Rd8 {[%clk 0:12:51]} 34. Rf5 {[%clk 0:13:36]} Rh6
{[%clk 0:11:57]} 35. Rg1 {[%clk 0:12:07]} Rxh3 {[%clk 0:09:07]} 36. Bd4
{[%clk 0:12:19]} Rh7 {[%clk 0:09:30]} 37. Rfg5 {[%clk 0:08:39]} Rd7
{[%clk 0:09:31]} 38. R1g4 {[%clk 0:08:02]} Kf8 {[%clk 0:06:22]} 39. Kc2
{[%clk 0:07:50]} c6 {[%clk 0:05:53]} 40. Rg6 {[%clk 0:07:09]} Rc7
{[%clk 0:04:31]} 41. Be5 {[%clk 0:06:56]} Rf7 {[%clk 0:04:53]} 42. Rxc6
{[%clk 0:03:49]} Rxf2+ {[%clk 0:05:21]} 43. Kb3 {[%clk 0:04:13]} Rf3
{[%clk 0:04:39]} 44. Rd4 {[%clk 0:03:55]} Nf6 {[%clk 0:02:50]} 45. Rc7
{[%clk 0:02:30]} Ne8 {[%clk 0:02:57]} 46. Ra7 {[%clk 0:01:09]} Rhh3
{[%clk 0:00:49]} 47. Kc4 {[%clk 0:00:48]} Rf2 {[%clk 0:01:05]} 48. Rd8
{[%clk 0:00:45]} Rc2+ {[%clk 0:00:48]} 49. Kb3 {[%clk 0:00:40]} Re2
{[%clk 0:01:14]} 50. Bxg7+ {[%clk 0:00:46]} Kg8 {[%clk 0:01:43]} 51. Kc4
{[%clk 0:00:36]} Rh7 {[%clk 0:01:07]} 52. Raa8 {[%clk 0:00:37]} Kxg7
{[%clk 0:01:03]} 53. Rxe8 {[%clk 0:00:57]} Rh4+ {[%clk 0:01:27]} 54. Kb3
{[%clk 0:00:34]} Rd2 {[%clk 0:01:41]} 55. Rxa5 {[%clk 0:00:34]} Rxd3+
{[%clk 0:01:42]} 56. Ka2 {[%clk 0:00:57]} Rh2 {[%clk 0:01:32]} 57. Re7+
{[%clk 0:00:34]} Kf6 {[%clk 0:01:55]} 58. Rae5 {[%clk 0:00:34]} Rdd2
{[%clk 0:01:12]} 59. R7e6+ {[%clk 0:00:50]} Kf7 {[%clk 0:01:41]} 60. Re7+
{[%clk 0:00:51]} Kf6 {[%clk 0:02:11]} 61. R7e6+ {[%clk 0:01:00]} Kf7
{[%clk 0:02:32]} 62. Kb3 {[%clk 0:00:35]} Rxb2+ {[%clk 0:03:00]} 63. Kc4
{[%clk 0:00:59]} Rhc2+ {[%clk 0:02:47]} 64. Kb5 {[%clk 0:01:24]} b3
{[%clk 0:03:11]} 65. Kb4 {[%clk 0:00:48]} Rb1 {[%clk 0:03:08]} 66. Re7+
{[%clk 0:00:45]} Kf6 {[%clk 0:03:34]} 67. R7e6+ {[%clk 0:01:05]} Kf7
{[%clk 0:04:04]} 68. Re7+ {[%clk 0:00:32]} Kf6 {[%clk 0:04:33]} 69. R7e6+
{[%clk 0:00:56]} Kf7 {[%clk 0:04:59]} 70. Re2 {[%clk 0:00:57]} Rc8
{[%clk 0:05:12]} 71. Rb6 {[%clk 0:00:39]} Rc2 {[%clk 0:05:04]} 72. Re3
{[%clk 0:00:46]} b2 {[%clk 0:05:07]} 73. Rb3 {[%clk 0:00:48]} Ra1
{[%clk 0:04:59]} 74. Ka5 {[%clk 0:01:14]} Rc5+ {[%clk 0:05:23]} 75. Ka6
{[%clk 0:01:40]} Rxa4+ {[%clk 0:05:47]} 76. Kb7 {[%clk 0:02:07]} Re4
{[%clk 0:06:00]} 1/2-1/2

[Event "Iran Chess Championship Semi Final 2015 "]
[Site "Rasht , Iran"]
[Date "2015.12.18"]
[Round "8"]
[Board "2"]
[White "Javanbakht, Nima"]
[Black "Maghsoodloo, Parham"]
[Result "1/2-1/2"]
[WhiteElo "2410"]
[BlackElo "2443"]
[PlyCount "0"]
[EventDate "2015.12.13"]
[EventRounds "9"]
[EventCountry "IRI"]

1. e4 {[%clk 1:30:56]} e5 {[%clk 1:30:21]} 2. Nf3 {[%clk 1:31:09]} Nc6
{[%clk 1:30:36]} 3. Bb5 {[%clk 1:31:11]} Nf6 {[%clk 1:30:36]} 4. O-O
{[%clk 1:30:55]} Nxe4 {[%clk 1:30:33]} 5. d4 {[%clk 1:30:52]} Nd6
{[%clk 1:30:57]} 6. Bxc6 {[%clk 1:31:11]} dxc6 {[%clk 1:31:21]} 7. dxe5
{[%clk 1:31:37]} Nf5 {[%clk 1:31:46]} 8. Qxd8+ {[%clk 1:32:00]} Kxd8
{[%clk 1:32:00]} 9. Nc3 {[%clk 1:31:21]} Ke8 {[%clk 1:30:18]} 10. b3
{[%clk 1:29:47]} Be6 {[%clk 1:30:11]} 11. Bb2 {[%clk 1:28:57]} Be7
{[%clk 1:27:53]} 12. Ne4 {[%clk 1:26:59]} Rd8 {[%clk 1:26:28]} 13. c4
{[%clk 1:26:17]} b6 {[%clk 1:25:38]} 14. Rad1 {[%clk 1:25:12]} c5
{[%clk 1:25:59]} 15. h3 {[%clk 1:25:02]} h5 {[%clk 1:24:58]} 16. Rxd8+
{[%clk 1:23:47]} Kxd8 {[%clk 1:25:16]} 17. Rd1+ {[%clk 1:24:11]} Kc8
{[%clk 1:24:11]} 18. Nfg5 {[%clk 1:21:56]} Bxg5 {[%clk 1:23:18]} 19. Nxg5
{[%clk 1:22:18]} h4 {[%clk 1:23:43]} 20. f4 {[%clk 1:21:11]} 1/2-1/2

[Event "Iran Chess Championship Semi Final 2015 "]
[Site "Rasht , Iran"]
[Date "2015.12.18"]
[Round "8"]
[Board "3"]
[White "Noroozi, Omid"]
[Black "Mosadeghpour, Masoud"]
[Result "1/2-1/2"]
[WhiteElo "2380"]
[BlackElo "2479"]
[PlyCount "0"]
[EventDate "2015.12.13"]
[EventRounds "9"]
[EventCountry "IRI"]

1. Nf3 {[%clk 1:30:23]} Nf6 {[%clk 1:30:51]} 2. c4 {[%clk 1:30:48]} g6
{[%clk 1:31:14]} 3. Nc3 {[%clk 1:31:11]} d5 {[%clk 1:31:39]} 4. Qa4+
{[%clk 1:31:31]} Bd7 {[%clk 1:30:15]} 5. Qb3 {[%clk 1:31:53]} dxc4
{[%clk 1:29:21]} 6. Qxc4 {[%clk 1:32:22]} Bg7 {[%clk 1:28:49]} 7. e4
{[%clk 1:32:12]} Bc6 {[%clk 1:25:46]} 8. d3 {[%clk 1:32:24]} O-O {[%clk 1:22:16]}
9. Be2 {[%clk 1:32:38]} Nbd7 {[%clk 1:21:49]} 10. O-O {[%clk 1:32:51]} e5
{[%clk 1:17:52]} 11. b4 {[%clk 1:32:29]} 1/2-1/2

[Event "Iran Chess Championship Semi Final 2015 "]
[Site "Rasht , Iran"]
[Date "2015.12.18"]
[Round "8"]
[Board "5"]
[White "Gholami, Aryan"]
[Black "Darini, Pouria"]
[Result "1-0"]
[WhiteElo "2422"]
[BlackElo "2500"]
[PlyCount "0"]
[EventDate "2015.12.13"]
[EventRounds "9"]
[EventCountry "IRI"]

1. e4 {[%clk 1:30:49]} c5 {[%clk 1:30:35]} 2. Nf3 {[%clk 1:31:01]} d6
{[%clk 1:31:00]} 3. d4 {[%clk 1:31:04]} cxd4 {[%clk 1:31:25]} 4. Bb5+
{[%clk 1:31:19]} Nc6 {[%clk 1:26:42]} 5. Qxd4 {[%clk 1:31:33]} Bd7
{[%clk 1:27:04]} 6. Bxc6 {[%clk 1:31:49]} Bxc6 {[%clk 1:27:29]} 7. Nc3
{[%clk 1:31:58]} Nf6 {[%clk 1:27:45]} 8. Bg5 {[%clk 1:32:16]} e6 {[%clk 1:28:09]}
9. O-O-O {[%clk 1:32:40]} Be7 {[%clk 1:28:34]} 10. Rhe1 {[%clk 1:33:03]} O-O
{[%clk 1:28:52]} 11. e5 {[%clk 1:33:11]} dxe5 {[%clk 1:28:35]} 12. Nxe5
{[%clk 1:33:16]} Qc7 {[%clk 1:22:42]} 13. Qc4 {[%clk 1:33:21]} Rac8
{[%clk 1:02:20]} 14. Nxc6 {[%clk 1:33:06]} bxc6 {[%clk 0:56:38]} 15. Bxf6
{[%clk 1:20:38]} Bxf6 {[%clk 0:56:35]} 16. Ne4 {[%clk 1:20:52]} Be7
{[%clk 0:54:46]} 17. g3 {[%clk 1:14:51]} Rb8 {[%clk 0:53:55]} 18. c3
{[%clk 1:14:02]} Rb5 {[%clk 0:48:58]} 19. Re2 {[%clk 1:13:51]} Rd5
{[%clk 0:38:23]} 20. f4 {[%clk 1:06:56]} Rb8 {[%clk 0:32:12]} 21. Nf2
{[%clk 1:03:50]} Qb6 {[%clk 0:28:06]} 22. Nd3 {[%clk 1:02:16]} Rbd8
{[%clk 0:27:52]} 23. Kc2 {[%clk 1:00:30]} Bf6 {[%clk 0:21:02]} 24. Rdd2
{[%clk 0:58:25]} c5 {[%clk 0:19:47]} 25. Re3 {[%clk 0:42:33]} g6 {[%clk 0:16:39]}
26. Rde2 {[%clk 0:42:44]} Qd6 {[%clk 0:13:07]} 27. Rf3 {[%clk 0:30:36]} Rd7
{[%clk 0:12:53]} 28. h3 {[%clk 0:29:40]} Rc7 {[%clk 0:09:35]} 29. Kb1
{[%clk 0:29:53]} Qc6 {[%clk 0:08:26]} 30. Rfe3 {[%clk 0:29:25]} Rd6
{[%clk 0:06:07]} 31. g4 {[%clk 0:28:46]} Qd5 {[%clk 0:01:59]} 32. Qxd5
{[%clk 0:27:52]} Rxd5 {[%clk 0:02:28]} 33. Kc2 {[%clk 0:26:50]} h5
{[%clk 0:02:49]} 34. Nf2 {[%clk 0:22:46]} hxg4 {[%clk 0:01:00]} 35. hxg4
{[%clk 0:23:05]} Bd4 {[%clk 0:00:53]} 36. Rd3 {[%clk 0:22:42]} Bxf2
{[%clk 0:01:14]} 37. Rxf2 {[%clk 0:22:50]} Rcd7 {[%clk 0:00:56]} 38. Rxd5
{[%clk 0:23:18]} Rxd5 {[%clk 0:00:45]} 39. Rd2 {[%clk 0:23:39]} Rxd2+ 40. Kxd2
{[%clk 0:24:08]} f6 {[%clk 0:00:34]} 41. Kd3 {[%clk 0:24:12]} f5 {[%clk 0:00:33]}
42. gxf5 {[%clk 0:21:01]} exf5 {[%clk 0:00:59]} 43. Kc4 {[%clk 0:20:29]} Kf7
{[%clk 0:00:36]} 44. Kxc5 {[%clk 0:20:41]} g5 {[%clk 0:00:57]} 45. fxg5
{[%clk 0:20:35]} Kg6 {[%clk 0:01:21]} 46. Kd4 {[%clk 0:20:57]} Kxg5
{[%clk 0:01:50]} 47. Ke3 {[%clk 0:21:11]} Kg4 {[%clk 0:02:12]} 48. Ke4 1-0

[Event "Iran Chess Championship Semi Final 2015 "]
[Site "Rasht , Iran"]
[Date "2015.12.18"]
[Round "8"]
[Board "6"]
[White "Behmardi, K Rustam"]
[Black "Mahjoob Zardast, Morteza"]
[Result "1/2-1/2"]
[WhiteElo "2302"]
[BlackElo "2381"]
[PlyCount "0"]
[EventDate "2015.12.13"]
[EventRounds "9"]
[EventCountry "IRI"]

1. e4 {[%clk 1:30:43]} c5 {[%clk 1:30:20]} 2. Nf3 {[%clk 1:30:57]} e6
{[%clk 1:30:45]} 3. d4 {[%clk 1:31:10]} cxd4 {[%clk 1:31:10]} 4. Nxd4
{[%clk 1:31:34]} a6 {[%clk 1:31:36]} 5. Be2 {[%clk 1:30:41]} Nf6 {[%clk 1:29:07]}
6. Nc3 {[%clk 1:30:45]} Qc7 {[%clk 1:29:12]} 7. O-O {[%clk 1:30:40]} Nc6
{[%clk 1:29:31]} 8. Be3 {[%clk 1:30:55]} Be7 {[%clk 1:29:56]} 9. f4
{[%clk 1:31:14]} d6 {[%clk 1:30:15]} 10. Kh1 {[%clk 1:31:34]} O-O
{[%clk 1:30:24]} 11. Qe1 {[%clk 1:31:50]} Nxd4 {[%clk 1:30:46]} 12. Bxd4
{[%clk 1:32:10]} b5 {[%clk 1:31:14]} 13. a3 {[%clk 1:32:16]} Bb7 {[%clk 1:31:39]}
14. Qg3 {[%clk 1:32:00]} Rad8 {[%clk 1:30:29]} 15. Bd3 {[%clk 1:29:41]} Rd7
{[%clk 1:11:54]} 16. Rae1 {[%clk 1:28:02]} Re8 {[%clk 1:12:16]} 17. Re2
{[%clk 1:25:46]} Bd8 {[%clk 0:52:39]} 18. e5 {[%clk 0:54:42]} dxe5
{[%clk 0:53:01]} 19. Bxe5 {[%clk 0:55:07]} Qc5 {[%clk 0:33:49]} 20. f5
{[%clk 0:32:37]} Bc7 {[%clk 0:33:59]} 21. Rfe1 {[%clk 0:32:57]} Bxe5
{[%clk 0:28:51]} 22. Rxe5 {[%clk 0:30:51]} Qd6 {[%clk 0:29:17]} 23. fxe6
{[%clk 0:30:01]} Rxe6 {[%clk 0:29:43]} 24. Rxe6 {[%clk 0:29:25]} fxe6
{[%clk 0:30:11]} 25. Qh3 {[%clk 0:23:57]} Re7 {[%clk 0:30:12]} 26. Nd1
{[%clk 0:21:28]} Qf4 {[%clk 0:27:32]} 27. Rf1 {[%clk 0:20:27]} Qg5
{[%clk 0:27:55]} 28. Ne3 {[%clk 0:17:39]} g6 {[%clk 0:21:39]} 29. Be2
{[%clk 0:16:22]} Kg7 {[%clk 0:18:12]} 30. Ng4 {[%clk 0:15:20]} Nxg4
{[%clk 0:16:07]} 31. Qxg4 {[%clk 0:14:16]} Qxg4 {[%clk 0:16:32]} 32. Bxg4
{[%clk 0:14:36]} e5 {[%clk 0:14:15]} 33. Kg1 {[%clk 0:14:20]} h5 {[%clk 0:13:00]}
34. Be2 {[%clk 0:14:41]} Rd7 {[%clk 0:12:50]} 35. Rd1 {[%clk 0:14:55]} Rxd1+
{[%clk 0:13:15]} 36. Bxd1 {[%clk 0:15:21]} h4 {[%clk 0:13:29]} 37. Kf2
{[%clk 0:14:24]} Kf6 {[%clk 0:13:54]} 38. Be2 {[%clk 0:14:31]} g5
{[%clk 0:10:48]} 39. g3 {[%clk 0:14:21]} Kf5 {[%clk 0:07:55]} 40. Ke3
{[%clk 0:14:24]} Bd5 {[%clk 0:06:33]} 41. b3 {[%clk 0:14:14]} Bc6
{[%clk 0:06:31]} 42. c4 {[%clk 0:12:46]} bxc4 {[%clk 0:06:56]} 43. Bxc4
{[%clk 0:12:46]} a5 {[%clk 0:07:01]} 44. Be2 {[%clk 0:13:05]} Ke6
{[%clk 0:05:16]} 45. Bf3 {[%clk 0:12:25]} Bb5 {[%clk 0:05:30]} 46. Be4
{[%clk 0:12:11]} Kd6 {[%clk 0:05:34]} 47. Kd2 {[%clk 0:12:18]} Kc5
{[%clk 0:05:08]} 48. gxh4 {[%clk 0:10:41]} gxh4 {[%clk 0:05:36]} 49. Kc3
{[%clk 0:10:26]} Bf1 {[%clk 0:05:31]} 50. Bd3 {[%clk 0:09:00]} Bg2
{[%clk 0:05:46]} 51. Bc4 {[%clk 0:09:23]} Bc6 {[%clk 0:05:19]} 52. b4+
{[%clk 0:09:01]} axb4+ {[%clk 0:05:47]} 53. axb4+ {[%clk 0:09:25]} Kd6
{[%clk 0:06:13]} 54. Kd3 {[%clk 0:09:25]} Ke7 {[%clk 0:06:11]} 55. Ke3
{[%clk 0:08:33]} Kf6 {[%clk 0:06:36]} 56. Bd3 {[%clk 0:06:18]} Kg5
{[%clk 0:06:32]} 57. Be4 {[%clk 0:06:14]} Ba4 {[%clk 0:05:27]} 58. Bd5
{[%clk 0:04:59]} Kf5 {[%clk 0:05:38]} 59. Bb7 {[%clk 0:03:06]} Kf6
{[%clk 0:04:06]} 60. Kf3 {[%clk 0:02:33]} Bd1+ {[%clk 0:04:29]} 61. Ke3
{[%clk 0:02:14]} Ba4 {[%clk 0:04:52]} 62. Be4 {[%clk 0:01:40]} Kg5
{[%clk 0:05:00]} 63. Bf3 {[%clk 0:01:13]} Kf6 {[%clk 0:04:59]} 64. Bd5
{[%clk 0:01:34]} Kf5 {[%clk 0:05:15]} 65. Bb7 {[%clk 0:01:25]} Kf6
{[%clk 0:05:27]} 66. Bf3 {[%clk 0:01:13]} Kf5 {[%clk 0:05:24]} 67. Bd5
{[%clk 0:01:34]} Kf6 {[%clk 0:05:40]} 68. Kf3 {[%clk 0:01:06]} Bd1+
{[%clk 0:06:02]} 69. Ke3 {[%clk 0:01:02]} Ba4 {[%clk 0:06:28]} 1/2-1/2